000
00323nam a22001457a 4500
008
230906b ||||| |||| 00| 0 eng d
020
_a
9780872202061
041
_a
eng
080
_a
101
082
_a
101PRO
100
_a
44
101
_a
FILOZ
245
_a
HACKETT READING IN PHILOSOPHY
_c
PROUST .M
942
_2
udc
_c
BK
999
_c
60256
_d
60256